Hawaii's 2nd Congressional District Reps by Picture - Statistics

General Stats
  • This quiz has been taken 18 times
  • The average score is 4 of 7
Answer Stats
Picture Hint Answer % Correct
2007-2013 Mazie Hirono
80%
1971-1977 | 1990-2002 Patsy Mink
80%
2013-2021 Tulsi Gabbard
80%
2002-2003 | 2003-2007 Ed Case
60%
2023-Present Jill Tokuda
60%
2021-2023 Kai Kahele
40%
1977-1990 Daniel Akaka
20%
No matching quizzes found
Score Distribution
Percent of People with Each Score
Percentile by Number Answered
Your Score History
You have not taken this quiz